| 000 | 00743nam a2200205 a 4500 | ||
|---|---|---|---|
| 005 | 20250625063838.0 | ||
| 008 | 051121s2001 fr r 000 0 eng d | ||
| 035 | _aUPN01000141201 | ||
| 049 | _aCG | ||
| 050 | 4 |
_aL597 _bI7.2 |
|
| 100 | 1 |
_aIrwanto, Pak _931559 |
|
| 245 | 1 | 0 |
_aAlternative education for disadvantaged youth in Indonesia / _cPak Irwanto, Agustina Hendriati, Yohana Ratrin Hestyanti. |
| 260 |
_aParís : _bUNESCO, International Institute for Educational Planning, _cc2001. |
||
| 300 | _a127 p. | ||
| 440 | 0 | _aStrategies of education and training for disadvantaged groups | |
| 650 | 4 |
_aEducación _zIndonesia _916638 |
|
| 700 | 1 |
_aHendriati, Agustina, _ecoaut. |
|
| 700 | 1 |
_aHestyanti, Yohana Ratrin, _ecoaut. |
|
| 905 | _aLibro | ||
| 999 |
_c113348 _d113348 |
||